LEADER 00810cam0 2200265 450 001 E600200058155 005 20200505100345.0 100 $a20100105d1980 |||||ita|0103 ba 101 $afre 102 $aFR 200 1 $aPour la métaphysique$fClaude Bruaire 210 $aParis$cFayard$dc1980 215 $a291 p$d22 cm 225 2 $aCommunio 410 1$1001LAEC00027934$12001 $a*Communio 700 1$aBruaire$b, Claude$3AF00017347$4070$0232081 801 0$aIT$bUNISOB$c20200505$gRICA 850 $aUNISOB 852 $aUNISOB$j100$m43323 912 $aE600200058155 940 $aM 102 Monografia moderna SBN 941 $aM 957 $a100$b003260$gSi$d43323$racquisto$1massimo$2UNISOB$3UNISOB$420100105140926.0$520200505085442.0$6Spinosa 996 $aPour la métaphysique$91706776 997 $aUNISOB